The Khoisan peoples of South Africa : Bushmen and Hottentots /

محفوظ في:

المؤلف الرئيسي: Schapera, Isaac, 1905-2003 (مؤلف)

التنسيق: كتاب

اللغة: English

منشور في: London : Routledge & Kegan Paul, 1930.

سلاسل: Ethnology of Africa.

الموضوعات:

الوسوم: إضافة وسم

لا توجد وسوم, كن أول من يضع وسما على هذه التسجيلة!

رقم الطلب: DT15.8 .S3 1930

LEADER 00876namaa2200277 4500
001 18820
003 OSt
005 20260315120919.0
008 130303s1930 enkbfo b 001 0 eng d
010 |a 31019297 
040 |c ARCE Library 
043 |a f-sa--- 
050 4 |a DT15.8 .S3 1930 
100 1 |a Schapera, Isaac,  |d 1905-2003,  |e author  |9 39349 
245 1 4 |a The Khoisan peoples of South Africa :  |b Bushmen and Hottentots /   |c by I. Schapera. 
264 1 |a London :  |b Routledge & Kegan Paul,   |c 1930. 
300 |a xi, 450 pages, [8] leaves of plates :   |b maps (fold.), photos ;   |c 22 cm. 
490 0 |a Ethnology of Africa. 
500 |a Includes index. 
504 |a Bibliography : pages 439-445. 
650 0 |a Ethnology  |z South Africa. 
650 0 |a Khoikhoi (African people)  |9 10359 
650 0 |a San (African people) 
901 |a reviewed 
942 |c BK  |2 lcc 
999 |c 20199  |d 20199